Basic Automobile Engineering / (Record no. 1001)

MARC details
000 -LEADER
fixed length control field 00540nac a22001691u 4500
008 - FIXED-LENGTH DATA ELEMENTS--GENERAL INFORMATION
fixed length control field 100915t xxu||||| |||| 00| 0 eng d
020 ## - INTERNATIONAL STANDARD BOOK NUMBER
International Standard Book Number 8187433221
020 ## - INTERNATIONAL STANDARD BOOK NUMBER
International Standard Book Number 9788187433583
082 ## - DEWEY DECIMAL CLASSIFICATION NUMBER
Classification number 629.231
Item number NAK
Edition number 22
100 ## - MAIN ENTRY--PERSONAL NAME
Personal name Nakra, C. P.
9 (RLIN) 19246
245 ## - TITLE STATEMENT
Title Basic Automobile Engineering /
Statement of responsibility, etc C. P. Nakra.
260 ## - PUBLICATION, DISTRIBUTION, ETC. (IMPRINT)
Place of publication, distribution, etc New Delhi :
Name of publisher, distributor, etc Dhanpat Rai Publishing Co.,
Date of publication, distribution, etc 2002
300 ## - PHYSICAL DESCRIPTION
Extent 572 p. :
Other physical details ill. ;
Dimensions 24 cm.
650 ## - SUBJECT ADDED ENTRY--TOPICAL TERM
Topical term or geographic name as entry element Automobiles
General subdivision Design and construction.
9 (RLIN) 19247
Source of heading or term BUEsh
651 ## - SUBJECT ADDED ENTRY--GEOGRAPHIC NAME
Source of heading or term BUEsh
942 ## - ADDED ENTRY ELEMENTS (KOHA)
Item type Book - Borrowing
Call number prefix 629.231NAK
Source of classification or shelving scheme Dewey Decimal Classification
Holdings
Withdrawn status Item status Source of classification or shelving scheme Damaged status Not for loan Vendor Home library Current library Shelving location Date acquired Source of acquisition Cost, normal purchase price Total Checkouts Total Renewals Full call number Barcode Date last seen Date last borrowed Cost, replacement price Koha item type
    Dewey Decimal Classification       Central Library Central Library First floor 15/09/2010   60.00 7 36 629.231 NAK 000003507 15/07/2025 22/11/2014 75.00 Book - Borrowing